The stranger

Bibliographic Details
Main Author: Syed Mahadzir
Corporate Author: Title
Format: Book
Published: Selangor : Pustaka Cita Tinggi , 2004
Series:Black and white series
Subjects:

MARC

LEADER 00000cam a2200000 7i4500
001 0000002379
005 20151222.0
008 070712
020 |a 9830234134 
090 0 0 |a JF   |b ENG (2755) 
100 0 |a Syed Mahadzir 
245 1 4 |a The stranger   |c Syed Mahadzir 
260 |a Selangor :   |b Pustaka Cita Tinggi ,   |c 2004 
440 |a Black and white series 
500 |a Children ages 7-9 years old (orange) 
650 0 |a Junior fiction   |x English   |x Languages 
710 0 |a Title 
999 |a 0000968277   |b Book   |c Children Collection   |e Perbadanan Perpustakaan Awam Johor 
999 |a 0000968280   |b Book   |c Children Collection   |e Perbadanan Perpustakaan Awam Johor 
999 |a 0000968281   |b Book   |c Children Collection   |e Perbadanan Perpustakaan Awam Johor 
999 |a 0001048783   |b Book   |c Children Collection   |e Cawangan Taman Universiti